000 00795cam a2200241 a 4500
001 11979825
005 20180813042528.0
008 000419s2001 enka b 001 0 eng
010 _a 00032400
020 _a019513558X (alk. paper)
040 _aDLC
_cDLC
_dDLC
041 _aeng
042 _apcc
080 _a615.902
082 0 0 _a615.902
_221
100 _a3
101 _aSHM
245 0 0 _aBasic environmental health /
_cAnnalee Yassi ... [et al.].
504 _aIncludes bibliographical references (p. 410-420) and index.
906 _a7
_bcbc
_corignew
_d1
_eocip
_f20
_gy-gencatlg
942 _2ddc
_cBK
999 _c47015
_d47015